MDQL
is popping MORE tags! Check the
thread
!
Quizzes
Events
Quiz Creation
Community
Videos
Private Events
Remove Ads
Sign In
Join for FREE
Feedback
Dark Mode
Quiz Categories
Sports
Geography
Music
Movies
Television
Just For Fun
Miscellaneous
History
Literature
Language
Science
Gaming
Entertainment
Religion
Holiday
For Kids
Quiz Lab
Recent
Popular Today
Quiz Kudos Today
Editor Picks
Curator Picks
Quizzes by...
Day
Popularity
Type
Ratings
Length
Year
Community
Subscriptions
Recent Discussions
Orange Saloon
Badges
Playlists
Quests
Create
Leaderboards
Showdown
Live 5
Trivia Bingo
Activity
Puzzle Library
Sporcle Events
Private Events
Virtual Trivia
Globe League
Become a Host
Pub Owners
SporcleCon
Opinionation
Our Games
Videos
Blog
Mobile Apps
Partnerships
Remove Ads and Go Orange
Feedback
Just For Fun
Clickable
Get the Picture
Humor
Quick Pick
Word Ladder
Missing Word
Mixed Word
Blitz
Minefield
This or That
Alphabet
Color
Typing
Sporcle
Puzzle
Word Play
Follow That Line
Logic
Just For Fun
Clickable
Get the Picture
Humor
Quick Pick
Word Ladder
Missing Word
Mixed Word
Blitz
Minefield
This or That
Alphabet
Color
Typing
Sporcle
Puzzle
Word Play
Follow That Line
Logic
Random Quiz
Search Sporcle
×
Quiz Lab
Quiz Lab
Just For Fun
thrill
Type in answers that appear in a list
Type in answers that appear in a list
Classic
Best Score? Go Orange.
Knott's Berry Farm Rides Stats
Can you name the Knott's Berry Farm Rides?
By
SuperSebastian
10m
40 Questions
279 Plays
279 Plays
279 Plays
Comments
Comments
Give Quiz Kudos
Give Quiz Kudos
-
- Ratings
hide this ad
Replay
Link that replays current quiz
Next Quiz
Link to next quiz in quiz playlist
You Got
0%
They Got
Avg Score
30%
Avg Friend Score
Upgrade to see
Score Distribution
Jump to the score distribution portion of the page
Score
0/40
Timer
10:00
0
Plays Today
Location
Ride
% Correct
Ghost Town
GhostRider
81.7%
Ghost Town
Silver Bullet
73.8%
Boardwalk
Xcelerator
69.9%
Fiesta Village
Jaguar!
63.1%
Boardwalk
Boomerang
62.4%
Camp Snoopy
Sierra Sidewinder
58.8%
Ghost Town
Pony Express
55.9%
Boardwalk
Supreme Scream
52.7%
Fiesta Village
Montezooma’s Revenge
49.1%
Ghost Town
Timber Mountain Log Ride
44.1%
Ghost Town
Bigfoot Rapids
36.9%
Camp Snoopy
Timberline Twister
36.2%
Fiesta Village
La Revolucion
35.8%
Ghost Town
Calico Mine Ride
35.5%
Boardwalk
Perilous Plunge
34.8%
Fiesta Village
Hat Dance
31.9%
Boardwalk
Wheeler Dealer Bumper Cars
30.5%
Boardwalk
Wipeout
30.5%
Fiesta Village
Dragon Swing
29.4%
Boardwalk
Sky Cabin
28.3%
Location
Ride
% Correct
Boardwalk
Rip Tide
26.5%
Ghost Town
Calico Railroad
22.9%
Fiesta Village
Waveswinger
21.9%
Fiesta Village
Wind Seeker
21.1%
Fiesta Village
Merry Go Round
20.8%
Camp Snoopy
Huff and Puff
20.4%
Camp Snoopy
Balloon Race
20.1%
Camp Snoopy
Woodstock’s Airmail
19.7%
Camp Snoopy
Camp Bus
19.4%
Ghost Town
Butterfield Stagecoach
19.4%
Ghost Town
Screamin’ Swing
17.2%
Camp Snoopy
High Sierra Ferris Wheel
14%
Camp Snoopy
Red Baron
11.1%
Camp Snoopy
Log Peeler
7.2%
Camp Snoopy
Charlie Brown’s Speedway
6.8%
Camp Snoopy
Joe Cool’s GR8 SK8
6.5%
Camp Snoopy
Snoopy Bounce
6.1%
Camp Snoopy
Rocky Road Truckin’ Company
4.7%
Camp Snoopy
Grand Sierra Scenic Railroad
3.6%
Camp Snoopy
Lucy’s Tugboat
2.2%
Quiz Playlist
Details
Report
Send in Message
Add To Playlist
Classic:
Type in answers that appear in a list
Last Updated: Feb 16, 2017
Quiz Scoreboard
CHALLENGE
Sign Up to Join the Scoreboard
Show All
Scores
Hide
Comments
May contain spoilers
Recently Published
5x2 Blitz: Bands
by SL_Kpop136
Music
30s
Colored Red Africa Blitz
by spor1
Geography
30s
Find the 'City' Movie
by crazypaving
Movies
60s
More to Explore
Quiz From the Vault
Featured Blog Post
14 Easter Pick-up Lines to Find Eggs With
hide this ad
You Might Also Like...
Tags
Amusement Park
California
Los Angeles
Orange County
ride
Rollercoaster
Southern California
thrill
Today's Top Quizzes in Just For Fun
Browse Just For Fun
hide this ad
Top Contributed Quizzes in Just For Fun
1
Name Just One - 10 to 1: Just For Fun
2
Missing Word: 2-Letter A-Z II
3
Survivor Winners Logic Puzzle
4
Avatar the Last Airbender: Logic Puzzle
5
Quick 5-Color Logic (18)
6
Shadowhunters Protagonists Logic Quiz
7
Medium Renzoku Puzzle 11
8
Killer Double Trees 224 - Colour Match-Up
9
Missing Word: 'Of' Things A-Z
10
Ultimate Minefield Blitz VIII
Explore More
Trending Topics
Harry Potter
Crossword
Disney
Anime
NBA
Marvel
Kpop
WWE
NFL
Country
Puzzle
Pokémon
Song
The Office
Soccer
hide this ad
More By:
SuperSebastian
Quiz
Plays
Rating
Category
Featured
Created
Countries with the Most Christians
2,780
4.14
Religion
Mar 31, 2010
Biggest US Cities that Contain each Letter
2,708
3.67
Geography
Apr 15, 2010
Airbus Planes
2,120
4.50
Miscellaneous
Mar 29, 2010
Religions of the World
2,046
1.90
Religion
Mar 12, 2010
Super Duper Easy Game
1,535
2.93
Miscellaneous
Mar 9, 2010
Go to Creator's Profile
Score Distribution
Quiz Creator Spotlight
SuperSebastian
Follow
Send a Message
Quizzes Created
-
Created Quiz Play Count
-
More By This Creator
Popular Quizzes Today
1
Colored Red Africa Blitz
2
Find the 'City' Movie
3
Find the US States - No Outlines Minefield
4
5x2 Blitz: Bands
5
The Countries of the World
6
Find the US States
7
US States
8
9x9 Crossword: Cartoon Network
More Just For Fun Quizzes
Quick Pick: TV Series of 2021
Published
Trending Quizzes
Colored Red Europe Blitz I
Colored Red Europe Blitz II
Colored Red Africa Blitz II
Colored Red Europe Blitz III
Colored Red Africa Blitz III
Recently Updated
How Do You Spell That?
pecheneg
Godzilla Movies
pecheneg
Grab Bag: 4-10 Letters
pecheneg
2024 March Madness Bracket
pecheneg
Famous TV Couples
Peacemaker
Champions League XIs: Real Madrid
pecheneg
Largest US Cities 1790-2010
pecheneg
Rides in Walt Disney World
pecheneg
Most Oscar Losses (Acting)
pecheneg
Beyoncé Albums
pecheneg
Trending Topics
Disney
NBA
Harry Potter
Marvel
Kpop
Crossword
Anime
The Office
NFL
Soccer
WWE
Song
Country
Pokémon
Puzzle
Your Account Isn't Verified!
In order to create a playlist on Sporcle, you need to verify the email address you used during registration. Go to your
Sporcle Settings
to finish the process.
Report this User
Report this user for behavior that violates our
Community Guidelines
.
Details:
Send Report
Go to the Sporcle.com Mobile Site →
Comments